[Event "7'  Festival Internazionale del Fermano"]
[Site "?"]
[Date "2024.08.21"]
[Round "3"]
[White "Podini, Francesco"]
[Black "Vincenzi, Marco"]
[Result "0-1"]
[WhiteElo "1933"]
[BlackElo "1963"]
[PlyCount "90"]
[EventDate "2024.??.??"]
[SourceVersionDate "2024.08.25"]

1. e4 e5 2. Nc3 Nf6 3. f4 d5 4. fxe5 Nxe4 5. Qf3 Nxc3 6. bxc3 Be7 7. d4 O-O 8. Bd3 f6 9. Qh5 f5 10. Nf3 Qe8 11. Qxe8 Rxe8 12. c4 c6 13. cxd5 cxd5 14. Rb1 Nc6 15. Bd2 g5 16. h3 g4 17. hxg4 fxg4 18. c3 gxf3 19. gxf3 Rf8 20. Bxh7+ Kf7 21. Kf2 Ke8 22. Bh6 Rh8 23. Bg6+ Kd8 24. f4 Kc7 25. f5 Bd7 26. Bg7 Rxh1 27. Rxh1 Rg8 28. f6 Be6 29. Rh7 Kb6 30. f7 Rd8 31. Rh8 Rxh8 32. Bxh8 Bf8 33. Bf6 Ne7 34. Bh5 Nf5 35. Bg5 Kb5 36. Kf3 Kc4 37. Bd2 Kd3 38. Be1 Nh6 39. Kf4 Nxf7 40. Bxf7 Bxf7 41. Kf5 Be7 42. e6 Be8 43. Ke5 Bc6 44. Kf5 b5 45. Kg6 Be8+ 0-1